[Event "Jugendweltmeisterschaft U14w"]
[Site "Belfort (FRA)"]
[Date "2005.07.22"]
[Round "4"]
[White "Parrilla, Medina"]
[Black "Winkelmann, Elena"]
[Result "0-1"]
[WhiteElo "1599"]
[BlackElo "2040"]
[PlyCount "62"]
[EventDate "2005.07.18"]

1. e4 d5 2. exd5 Qxd5 3. Nc3 Qa5 4. d4 Nf6 5. Nf3 Bf5 6. Ne5 e6 7. g4 Be4 8.
Nc4 Qb4 9. a3 Qe7 10. Nxe4 Nxe4 11. Qf3 f5 12. Ne5 g6 13. Qb3 c6 14. Bc4 Bg7
15. Bxe6 Bxe5 16. dxe5 Nc5 17. Bf7+ Qxf7 18. Qxf7+ Kxf7 19. gxf5 gxf5 20. Be3
Ne6 21. f4 Nd7 22. O-O-O Rhd8 23. Bf2 Nb6 24. Rdf1 Nd5 25. Bh4 Rg8 26. Rd1 Rg4
27. Bg3 Nexf4 28. Kb1 Ne6 29. Rd2 Nc5 30. Rf2 Ke6 31. Rhf1 Ne4 0-1

[Event "Jugendweltmeisterschaft U12w"]
[Site "Belfort (FRA)"]
[Date "2005.07.22"]
[Round "4"]
[White "Pereira, Amanda Marques"]
[Black "Smolkina, Milana"]
[Result "0-1"]
[WhiteElo "1599"]
[BlackElo "1732"]
[PlyCount "94"]
[EventDate "2005.07.18"]

1. e4 e5 2. Nf3 Nc6 3. Bb5 Bc5 4. c3 f5 5. Bxc6 dxc6 6. Nxe5 Qh4 7. Qe2 fxe4 8.
d4 exd3 9. Nxd3+ Be7 10. Bf4 Nf6 11. Bg3 Qg5 12. Nd2 O-O 13. Nf3 Qa5 14. Nde5
Qb5 15. Qxb5 cxb5 16. Nd4 a6 17. f3 Bc5 18. O-O-O Rd8 19. Rhe1 b4 20. Nb3 Rxd1+
21. Rxd1 Be3+ 22. Kb1 Bf5+ 23. Ka1 bxc3 24. bxc3 Rc8 25. Kb2 Kf8 26. Nc4 Ba7
27. Rd2 Bg6 28. Ne5 Bf5 29. Nd4 Bxd4 30. Rxd4 Re8 31. Kc1 Nh5 32. Nd7+ Ke7 33.
Bh4+ Nf6 34. Nxf6 gxf6 35. Rf4 Ke6 36. g4 Bg6 37. Rxf6+ Kd5 38. Rf4 Re2 39.
Rd4+ Kc5 40. Rd2 Re8 41. Bg3 Kc6 42. h4 Re3 43. Kb2 Rxf3 44. Bf2 Rf4 45. g5 Rf5
46. Bg3 Rb5+ 47. Kc1 Rb1# 0-1

[Event "Jugendweltmeisterschaft U12w"]
[Site "Belfort (FRA)"]
[Date "2005.07.22"]
[Round "4"]
[White "Lefevre, Margaux"]
[Black "Bochis, Julia"]
[Result "1-0"]
[WhiteElo "1599"]
[BlackElo "1599"]
[PlyCount "143"]
[EventDate "2005.07.18"]

1. e4 d5 2. exd5 Qxd5 3. Nc3 Qd6 4. d4 a6 5. Bd3 Nf6 6. Nge2 Nc6 7. Bf4 Qd8 8.
O-O g6 9. Bc4 b5 10. Bb3 Bb7 11. a3 Bg7 12. Qd2 e5 13. Be3 exd4 14. Nxd4 O-O
15. Nxc6 Bxc6 16. Qxd8 Raxd8 17. Bf4 Ne4 18. Bxc7 Rd7 19. Ba5 Rc8 20. Nxe4 Bxe4
21. f3 Bb7 22. c3 Rd2 23. Rf2 Rd3 24. Re1 Bf8 25. Rfe2 Bc6 26. Bb4 Rd7 27. Kf1
Bxb4 28. axb4 Kf8 29. Kf2 Bb7 30. Ra1 Rd6 31. Bc2 f5 32. Bb3 Rcc6 33. Rae1 Bc8
34. Kg3 Rd7 35. Kf4 Rcc7 36. Re8+ Kg7 37. Be6 Re7 38. Bxc8 Rxe1 39. Rxe1 Rxc8
40. Re7+ Kg8 41. Ra7 Rc6 42. Ke5 Kf8 43. Rxh7 Kg8 44. Ra7 Kf8 45. Kd5 Rf6 46.
b3 Ke8 47. Rc7 g5 48. Rc6 Rf7 49. Rxa6 Rd7+ 50. Ke6 Re7+ 51. Kxf5 Re3 52. Re6+
Rxe6 53. Kxe6 g4 54. fxg4 Kf8 55. Kd6 Kg7 56. Kc6 Kg6 57. Kxb5 Kg5 58. Kc6 Kxg4
59. b5 Kf5 60. b6 Ke4 61. b7 Ke3 62. b8=Q Ke4 63. h4 Kd3 64. h5 Kxc3 65. h6 Kd3
66. h7 Ke3 67. h8=Q Kf2 68. Qbe5 Kf1 69. Qf8+ Kg1 70. Qf3 Kh1 71. Qh3+ Kg1 72.
Qe1# 1-0

[Event "Jugendweltmeisterschaft U12w"]
[Site "Belfort (FRA)"]
[Date "2005.07.22"]
[Round "4"]
[White "Endress, Anna"]
[Black "Trifonova, Sandra"]
[Result "1-0"]
[WhiteElo "1599"]
[BlackElo "1599"]
[PlyCount "117"]
[EventDate "2005.07.18"]

1. e4 c6 2. d4 d5 3. Nc3 dxe4 4. Nxe4 Bf5 5. Ng3 Bg6 6. h4 h6 7. Nf3 Nd7 8. h5
Bh7 9. Bd3 Bxd3 10. Qxd3 Qc7 11. Bd2 e6 12. O-O-O Ngf6 13. Ne4 Be7 14. Kb1
O-O-O 15. Qe2 Nxe4 16. Qxe4 Nf6 17. Qe2 c5 18. dxc5 Bxc5 19. Rh4 Qb6 20. Ne5
Rhf8 21. Rc4 Kb8 22. Nd3 Bd6 23. Bb4 Bxb4 24. Rxb4 Qa5 25. Rh4 Rd5 26. Rdh1 Rc8
27. Rf4 Qc7 28. g4 Rcd8 29. Rb4 e5 30. f3 a5 31. Rb3 Qe7 32. a3 Nd7 33. Re1 f6
34. Qe3 Rd4 35. Qxd4 Qe6 36. Qe4 Qa6 37. Rc3 Qb6 38. f4 exf4 39. Qxf4+ Ka7 40.
Qc7 Qxc7 41. Rxc7 Kb6 42. Rc4 Nb8 43. Re7 Kb5 44. Rcc7 b6 45. Rxg7 Nc6 46. c4+
Kxc4 47. Rxc6+ Kxd3 48. Rxf6 Re8 49. Rd6+ Kc4 50. Rc7+ Kb3 51. Rc3+ Ka4 52.
Rxb6 Re4 53. Ka2 Rb4 54. axb4 axb4 55. Rxh6 bxc3 56. bxc3 Kb5 57. g5 Kc4 58. g6
Kxc3 59. g7 1-0

[Event "Jugendweltmeisterschaft U10"]
[Site "Belfort (FRA)"]
[Date "2005.07.22"]
[Round "4"]
[White "Zier, Oliver"]
[Black "Mohan, Vasanta Ruba Varman"]
[Result "1-0"]
[WhiteElo "1821"]
[BlackElo "1599"]
[PlyCount "104"]
[EventDate "2005.07.18"]

1. d4 Nf6 2. c4 g6 3. Nc3 Bg7 4. g3 O-O 5. Bg2 d6 6. Nf3 c5 7. O-O Nc6 8. d5
Na5 9. Nd2 a6 10. Qc2 Rb8 11. b3 b5 12. Bb2 Qb6 13. Rab1 Bd7 14. e4 Rb7 15. f4
Ng4 16. Nd1 Bd4+ 17. Bxd4 cxd4 18. Qd3 b4 19. Nf3 Qc7 20. Qxd4 f6 21. h3 Nh6
22. Re1 Nf7 23. e5 dxe5 24. fxe5 fxe5 25. Nxe5 Nd6 26. Nxd7 Qxd7 27. Qe5 Rf6
28. Nf2 Rc7 29. Ng4 Nf7 30. Nxf6+ exf6 31. Qxf6 Nb7 32. Qe6 Qd8 33. Qe8+ Kg7
34. Qxd8 Nfxd8 35. Rbd1 Rd7 36. Rd2 Nf7 37. Rde2 Nc5 38. Re7 Rd8 39. Rf1 Rf8
40. d6 Kg8 41. Bd5 Rd8 42. Bxf7+ Kh8 43. Re8+ Rxe8 44. Bxe8 Kg8 45. d7 Nb7 46.
c5 Nd8 47. Rf6 Kg7 48. Rxa6 Kf8 49. c6 Ke7 50. c7 Ne6 51. Rxe6+ Kxe6 52. d8=Q
Ke5 1-0

[Event "Jugendweltmeisterschaft U18w"]
[Site "Belfort (FRA)"]
[Date "2005.07.23"]
[Round "5"]
[White "Hoolt, Sarah"]
[Black "Bayaraa, Zorigt"]
[Result "1-0"]
[WhiteElo "2127"]
[BlackElo "2061"]
[PlyCount "173"]
[EventDate "2005.07.18"]

1. a3 c5 2. c4 Nc6 3. Nc3 g6 4. g3 Bg7 5. Bg2 e6 6. d3 Nf6 7. e4 O-O 8. f4 d6
9. Nf3 Nd4 10. O-O Nd7 11. Rb1 f5 12. Ne2 e5 13. Nexd4 exd4 14. Ng5 Nb6 15.
exf5 gxf5 16. Bd2 h6 17. Nf3 Bd7 18. Nh4 Bc6 19. Bh3 Bd7 20. Re1 Qf6 21. Qf3
Rab8 22. Re2 Rf7 23. Rbe1 Na4 24. Bc1 a6 25. Qd5 Nb6 26. Qf3 Na4 27. Qh5 b5 28.
Bg2 Nb6 29. b3 a5 30. Bd2 b4 31. Ng6 Kh7 32. Ne7 Bf8 33. Nc6 Ra8 34. h3 Rg7 35.
Kh2 Kh8 36. Bf3 Qf7 37. Qh4 bxa3 38. Bh5 Qg8 39. Ne7 Qh7 40. Qf6 Bxe7 41. Rxe7
a2 42. Rf7 Rc8 43. Bxa5 Ra8 44. Rf8+ Rxf8 45. Qxf8+ Rg8 46. Qf6+ Qg7 47. Qxg7+
Kxg7 48. Bxb6 Rb8 49. Ra1 Rxb6 50. Rxa2 Bc6 51. Ra7+ Kg8 52. Rc7 Bb7 53. Bd1
Bc6 54. g4 d5 55. Kg3 fxg4 56. hxg4 dxc4 57. bxc4 Rb1 58. Bf3 Bxf3 59. Kxf3
Rf1+ 60. Ke4 Re1+ 61. Kf5 Re3 62. Kg6 Kf8 63. Kxh6 Rxd3 64. f5 Rf3 65. Kg6 d3
66. Rxc5 Rf4 67. g5 Rd4 68. f6 Rd8 69. Rc7 d2 70. Rh7 Ke8 71. Rh8+ Kd7 72.
Rxd8+ Kxd8 73. f7 d1=Q 74. f8=Q+ Kc7 75. Qc5+ Kb8 76. Qe5+ Kc8 77. c5 Qa4 78.
Kf6 Qh4 79. Kg7 Qa4 80. g6 Qd7+ 81. Kf8 Qh3 82. Qe8+ Kc7 83. g7 Qh6 84. Qe7+
Kc8 85. c6 Qf4+ 86. Ke8 Qe5 87. g8=Q 1-0

[Event "Jugendweltmeisterschaft U16"]
[Site "Belfort (FRA)"]
[Date "2005.07.23"]
[Round "5"]
[White "Barnett, Alexander"]
[Black "Bindrich, Falko"]
[Result "0-1"]
[WhiteElo "2193"]
[BlackElo "2391"]
[PlyCount "118"]
[EventDate "2005.07.18"]

1. e4 c5 2. Nf3 d6 3. d4 Nf6 4. Nc3 cxd4 5. Nxd4 a6 6. Be2 e5 7. Nb3 Be7 8. Be3
O-O 9. g4 Be6 10. Rg1 d5 11. exd5 Nxd5 12. Nxd5 Bxd5 13. Qd2 Be4 14. Bc5 Nc6
15. Rd1 Qe8 16. c3 Rd8 17. Qe3 Rxd1+ 18. Bxd1 Bb1 19. a3 Qd8 20. g5 Re8 21. Bb6
Qd7 22. Bg4 Bf5 23. Be2 Bd8 24. Bxd8 Rxd8 25. Nc5 Qc7 26. Bf3 Nd4 27. cxd4 exd4
28. Qc1 Rc8 29. b4 b6 30. Rg3 bxc5 31. Qxc5 Qf4 32. Bc6 Be4 33. Qxd4 Qc1+ 34.
Ke2 Bxc6 35. Re3 Qc2+ 36. Kf1 Qb1+ 37. Ke2 Bb5+ 38. Kf3 Qf5+ 39. Qf4 Qxf4+ 40.
Kxf4 Rc4+ 41. Ke5 Rc2 42. Rf3 Kf8 43. Kd6 Rc6+ 44. Kd5 Ke7 45. Rh3 h6 46. f4
Rd6+ 47. Kc5 hxg5 48. fxg5 Rd3 49. Rh7 g6 50. h4 Ke6 51. Rh8 Rc3+ 52. Kb6 Rxa3
53. Rh7 Rh3 54. Ka5 Bc4 55. Kb6 Kf5 56. Rh8 Kg4 57. Rc8 Be6 58. Rc5 Ra3 59. Rc8
Bxc8 0-1

[Event "Jugendweltmeisterschaft U16"]
[Site "Belfort (FRA)"]
[Date "2005.07.23"]
[Round "5"]
[White "Brener, Ilja"]
[Black "Vanderhallen, Nicolas"]
[Result "1-0"]
[WhiteElo "2316"]
[BlackElo "2132"]
[PlyCount "115"]
[EventDate "2005.07.18"]

1. Nf3 Nf6 2. g3 g6 3. Bg2 Bg7 4. O-O O-O 5. d4 d6 6. a4 Nbd7 7. a5 c6 8. Nc3
Qc7 9. e4 e5 10. dxe5 dxe5 11. Qe2 Nc5 12. b4 Ne6 13. Bb2 Rd8 14. Na4 Nd7 15.
c4 c5 16. b5 Nd4 17. Nxd4 exd4 18. f4 f6 19. Qd2 b6 20. a6 Nf8 21. Qd3 Rb8 22.
Bc1 f5 23. Bd2 Be6 24. Nb2 Qf7 25. Rac1 Nd7 26. e5 Kh8 27. Rf2 Bf8 28. Re1 Bg7
29. h3 Rf8 30. Kh2 Rbe8 31. Bf1 Rg8 32. Qf3 h5 33. Bd3 g5 34. fxg5 Nxe5 35. Qd1
Nxd3 36. Nxd3 Bxc4 37. Nf4 Rxe1 38. Bxe1 Be5 39. g6 Rxg6 40. Qxh5+ Kg7 41. Nxg6
Qxg6 42. Qf3 Bxb5 43. Qb7+ Qf7 44. Rxf5 Qxb7 45. axb7 Bd6 46. Rd5 Bc7 47. Rd8
Kf6 48. b8=Q Bxb8 49. Rxb8 c4 50. Kg2 Ke5 51. Kf3 Bc6+ 52. Kf2 c3 53. h4 b5 54.
h5 Kf5 55. Rd8 c2 56. Bd2 b4 57. Rxd4 b3 58. Bc1 1-0

[Event "Jugendweltmeisterschaft U16w"]
[Site "Belfort (FRA)"]
[Date "2005.07.23"]
[Round "5"]
[White "Ohme, Melanie"]
[Black "Merkulova, Iryna"]
[Result "1-0"]
[WhiteElo "2066"]
[BlackElo "1599"]
[PlyCount "61"]
[EventDate "2005.07.18"]

1. e4 c5 2. Nf3 Nc6 3. d4 cxd4 4. Nxd4 Nf6 5. Nc3 e5 6. Ndb5 d6 7. Bg5 a6 8.
Na3 b5 9. Nd5 Be7 10. Bxf6 Bxf6 11. c3 O-O 12. Nc2 Rb8 13. h4 g6 14. h5 Bg7 15.
g4 Qg5 16. Be2 Bb7 17. Nce3 b4 18. Qd2 bxc3 19. bxc3 Bh6 20. Rh3 Kh8 21. O-O-O
f5 22. hxg6 fxg4 23. Bxg4 Bc8 24. Rdh1 Qxg4 25. Rxh6 Qxe4 26. Rxh7+ Kg8 27.
Rh8+ Kg7 28. Nf5+ Kxg6 29. Qh6+ Kxf5 30. Rxf8+ Kg4 31. Rh4# 1-0

[Event "Jugendweltmeisterschaft U16w"]
[Site "Belfort (FRA)"]
[Date "2005.07.23"]
[Round "5"]
[White "Fuchs, Judith"]
[Black "Robles Garcia, Claudia"]
[Result "1/2-1/2"]
[WhiteElo "1999"]
[BlackElo "2144"]
[PlyCount "59"]
[EventDate "2005.07.18"]

1. e4 c6 2. d4 d5 3. exd5 cxd5 4. c4 Nf6 5. Nc3 g6 6. Bg5 Nbd7 7. Nf3 Bg7 8.
Be2 O-O 9. O-O dxc4 10. Bxc4 Nb6 11. Bb3 h6 12. Bh4 Nbd5 13. Ne5 Be6 14. Re1
Kh7 15. Nxg6 fxg6 16. Rxe6 Nf4 17. Re3 Qd7 18. Qe1 Qxd4 19. Rd1 Qb4 20. Bg3
N4h5 21. Rxe7 Nxg3 22. hxg3 Rae8 23. Rxe8 Rxe8 24. Qd2 Ng4 25. Qf4 Qxf4 26.
gxf4 Bd4 27. Kf1 Bxf2 28. Nd5 Bc5 29. g3 h5 30. Rd2 1/2-1/2

[Event "Jugendweltmeisterschaft U14"]
[Site "Belfort (FRA)"]
[Date "2005.07.23"]
[Round "5"]
[White "Huschenbeth, Niclas"]
[Black "Zhao, Nan"]
[Result "1/2-1/2"]
[WhiteElo "2180"]
[BlackElo "2276"]
[PlyCount "167"]
[EventDate "2005.07.18"]

1. e4 c5 2. Nc3 Nc6 3. Nf3 e5 4. Bc4 Be7 5. d3 Nf6 6. Nd2 O-O 7. Nf1 d6 8. Ne3
Be6 9. O-O a6 10. a4 Nb4 11. Qe2 Re8 12. b3 Bf8 13. Bb2 g6 14. g3 Rc8 15. Qf3
Bg7 16. Qg2 Qd7 17. Bxe6 fxe6 18. Ne2 Nc6 19. f4 exf4 20. Nxf4 Ng4 21. Nxg4
Bxb2 22. Rae1 Bg7 23. Qh3 Ne5 24. Nxe5 Bxe5 25. Nd5 Qg7 26. Nf4 Qe7 27. Rf3 Rf8
28. Ref1 Rce8 29. Qg4 Kh8 30. Qh3 Kg8 31. Qg4 Rf6 32. h4 Qg7 33. Qg5 Ref8 34.
Kg2 Bxf4 35. Rxf4 Rxf4 36. Rxf4 Rxf4 37. Qxf4 Qe7 38. Kh3 b5 39. axb5 axb5 40.
c4 e5 41. Qf3 b4 42. Qf1 Kg7 43. g4 h6 44. Kg3 Qd8 45. Qf3 Qe7 46. Qe2 g5 47.
h5 Qf6 48. Kg2 Qf4 49. Qd1 Kf6 50. Kg1 Ke6 51. Kg2 Kd7 52. Kg1 Kc6 53. Kg2 Kb6
54. Kg1 Qg3+ 55. Kf1 Qe3 56. Kg2 Qf4 57. Kg1 Qg3+ 58. Kf1 Qh2 59. Ke1 Qg1+ 60.
Kd2 Qd4 61. Kc2 Ka5 62. Kb1 Qf2 63. Ka1 Kb6 64. Kb1 Kc6 65. Ka1 Kc7 66. Kb1 Kd7
67. Ka1 Qg2 68. Kb1 Qg3 69. Ka1 Qe3 70. Kb1 Ke7 71. Ka1 Qd4+ 72. Kb1 Qf2 73.
Ka1 Qf8 74. Kb1 Qa8 75. Qf3 Qa3 76. Qd1 Kd7 77. Qc2 Qa8 78. Qf2 Ke7 79. Qf3 Qa3
80. Qd1 Ke6 81. Qc2 Qa8 82. Qf2 Ke7 83. Qf3 Qa3 84. Qd1 1/2-1/2

[Event "Jugendweltmeisterschaft U14"]
[Site "Belfort (FRA)"]
[Date "2005.07.23"]
[Round "5"]
[White "Zehnter, Sebastian"]
[Black "Tvarijonas, Povilas"]
[Result "0-1"]
[WhiteElo "2037"]
[BlackElo "2174"]
[PlyCount "108"]
[EventDate "2005.07.18"]

1. a3 c5 2. b4 e6 3. bxc5 Bxc5 4. Nf3 d5 5. e3 Nf6 6. d4 Bd6 7. Nbd2 O-O 8. Bd3
Nc6 9. c4 dxc4 10. Nxc4 Bb8 11. Qc2 h6 12. O-O a6 13. Rd1 Qc7 14. Bb2 b5 15.
Nce5 Nxe5 16. dxe5 Nd5 17. Rac1 Qxc2 18. Rxc2 Bb7 19. Nd2 Ba7 20. Nb3 Rac8 21.
Rdc1 Rxc2 22. Rxc2 Rd8 23. Bd4 Bxd4 24. Nxd4 g6 25. g3 Kf8 26. Kf1 Ke8 27. Ke2
Rc8 28. Rxc8+ Bxc8 29. Kd2 Kd7 30. e4 Ne7 31. f4 Kc7 32. h4 Nc6 33. Nc2 Kb6 34.
h5 Kc5 35. g4 gxh5 36. gxh5 a5 37. Ne3 Ne7 38. Ng4 Ng8 39. Ne3 Bb7 40. Kc3 b4+
41. axb4+ axb4+ 42. Kd2 Bc6 43. Bb1 Ba4 44. Kd3 Bb5+ 45. Kd2 Kd4 46. Nc2+ Kc4
47. Na1 Ba4 48. Nc2 Bxc2 49. Bxc2 b3 50. Bd3+ Kb4 51. f5 Ne7 52. fxe6 fxe6 53.
Be2 Nc6 54. Bg4 Nd4 0-1

[Event "Jugendweltmeisterschaft U14"]
[Site "Belfort (FRA)"]
[Date "2005.07.23"]
[Round "5"]
[White "Bogner, Sebastian"]
[Black "Mammadov, Ayaz"]
[Result "0-1"]
[WhiteElo "2361"]
[BlackElo "2037"]
[PlyCount "94"]
[EventDate "2005.07.18"]

1. e4 e6 2. d4 d5 3. Nc3 Nf6 4. e5 Nfd7 5. f4 c5 6. Nf3 Nc6 7. Be3 a6 8. Qd2 b5
9. h4 b4 10. Ne2 a5 11. dxc5 Ba6 12. Ng3 Bxf1 13. Rxf1 Bxc5 14. Bxc5 Nxc5 15.
f5 Qc7 16. fxe6 fxe6 17. Qg5 Ne4 18. Qh5+ g6 19. Qg4 Nxg3 20. Qxg3 Rf8 21.
O-O-O O-O-O 22. h5 gxh5 23. Ng5 Qe7 24. Nf3 Rf5 25. Rde1 Rdf8 26. Nd2 Rxf1 27.
Rxf1 Rxf1+ 28. Nxf1 h6 29. Qg8+ Kc7 30. Nd2 Nxe5 31. Qa8 Nc6 32. Nb3 Qg5+ 33.
Kd1 d4 34. Nxd4 Qg4+ 35. Ne2 Qxg2 36. Qe8 Qd5+ 37. Kc1 Qe5 38. Qf7+ Kb6 39.
Qf2+ Qc5 40. Qf7 Qe3+ 41. Kd1 h4 42. Nf4 Qf3+ 43. Kd2 h3 44. c4 bxc3+ 45. bxc3
h2 46. c4 Qf2+ 47. Kc3 Qd4+ 0-1

[Event "Jugendweltmeisterschaft U12"]
[Site "Belfort (FRA)"]
[Date "2005.07.23"]
[Round "5"]
[White "Graf, Felix"]
[Black "Shahin, Koohestani M.abad"]
[Result "0-1"]
[WhiteElo "2168"]
[BlackElo "2012"]
[PlyCount "70"]
[EventDate "2005.07.18"]

1. d4 Nf6 2. c4 e6 3. Nf3 b6 4. a3 Bb7 5. Nc3 Be7 6. Bg5 Ne4 7. Nxe4 Bxe4 8.
Bf4 O-O 9. Nd2 Bb7 10. Qc2 c5 11. dxc5 bxc5 12. e3 Nc6 13. Bd3 f5 14. h3 d6 15.
O-O-O Qb6 16. g4 e5 17. Bh2 e4 18. Nxe4 fxe4 19. Bxe4 Ne5 20. Bxh7+ Kh8 21.
Bxe5 dxe5 22. Be4 Rab8 23. Rd2 Bxe4 24. Qxe4 Qb7 25. Qxb7 Rxb7 26. Rh2 Bh4 27.
Rd5 Bxf2 28. Rxe5 Rb3 29. e4 Bd4 30. Rf5 Rfb8 31. Kd1 Rg3 32. b4 Rxa3 33. Rd2
Rxb4 34. e5 Rb1+ 35. Kc2 Re1 0-1

[Event "Jugendweltmeisterschaft U12"]
[Site "Belfort (FRA)"]
[Date "2005.07.23"]
[Round "5"]
[White "Zimmermann, Gordon"]
[Black "Mai, Lloyd Thu-Truc-Lam"]
[Result "0-1"]
[WhiteElo "1599"]
[BlackElo "2030"]
[PlyCount "52"]
[EventDate "2005.07.18"]

1. e4 c5 2. Nf3 d6 3. d4 cxd4 4. Nxd4 Nf6 5. Nc3 g6 6. Be3 Bg7 7. f3 O-O 8. Qd2
Nc6 9. Bc4 Bd7 10. O-O-O Rc8 11. Bb3 Ne5 12. h4 h5 13. Bg5 Rc5 14. g4 hxg4 15.
h5 Nxh5 16. Rxh5 gxh5 17. Qh2 Nd3+ 18. Rxd3 Rxg5 19. f4 g3 20. Qg2 Rg4 21. f5
Bxd4 22. Rxd4 Qb6 23. Qg1 e5 24. fxe6 fxe6 25. Na4 Qb5 26. Rd3 g2 0-1

[Event "Jugendweltmeisterschaft U12w"]
[Site "Belfort (FRA)"]
[Date "2005.07.23"]
[Round "5"]
[White "Smolkina, Milana"]
[Black "Szabo, Noemi"]
[Result "0-1"]
[WhiteElo "1732"]
[BlackElo "1939"]
[PlyCount "70"]
[EventDate "2005.07.18"]

1. e4 c5 2. Nf3 e6 3. d4 cxd4 4. Nxd4 Qb6 5. Nb5 a6 6. Be3 Qa5+ 7. N5c3 b5 8.
Nd2 Qc7 9. a3 Bb7 10. Bd3 Nf6 11. O-O d5 12. exd5 Nxd5 13. Nxd5 Bxd5 14. Qg4
Bd6 15. Nf3 Bxf3 16. Qxf3 Nc6 17. Qh3 Ne5 18. Be4 Rd8 19. b3 f5 20. Bg5 Rd7 21.
Bf3 Nxf3+ 22. Qxf3 Bxh2+ 23. Kh1 Be5 24. Qa8+ Qb8 25. Qxa6 Rd6 26. Qa5 Bxa1 27.
Rxa1 Kf7 28. Bf4 Qd8 29. Qxb5 Qh4+ 30. Bh2 Rhd8 31. Qb7+ R8d7 32. Qf3 Rd2 33.
Rc1 Rxf2 34. Qg3 Qh6 35. Qxf2 Qxc1+ 0-1

[Event "Jugendweltmeisterschaft U12w"]
[Site "Belfort (FRA)"]
[Date "2005.07.23"]
[Round "5"]
[White "Shakryan, Zozan"]
[Black "Endress, Anna"]
[Result "0-1"]
[WhiteElo "1599"]
[BlackElo "1599"]
[PlyCount "144"]
[EventDate "2005.07.18"]

1. e4 c5 2. Nf3 e6 3. d4 cxd4 4. Nxd4 a6 5. Nc3 Qc7 6. a3 b5 7. Be2 Bb7 8. Bf3
d6 9. O-O Nf6 10. Re1 Nbd7 11. Nde2 Be7 12. Ng3 O-O 13. Bf4 Rfd8 14. Be2 Nb6
15. Bd3 Qc6 16. f3 Nc4 17. Qc1 Rac8 18. Nce2 Ne5 19. Nd4 Qc7 20. Bf1 Ng6 21.
Bg5 h6 22. Bxf6 Bxf6 23. c3 Qb6 24. Qe3 Bg5 25. Qf2 d5 26. Nh5 Be7 27. e5 Qc7
28. f4 Bc5 29. Bd3 Qe7 30. Qg3 Qh4 31. Bxg6 Qxg3 32. Bxf7+ Kxf7 33. Nxg3 Bxd4+
34. cxd4 Rc4 35. Rad1 g6 36. Nf1 Rc2 37. b4 Rdc8 38. Rd3 R8c7 39. g4 Bc8 40.
Ree3 Bd7 41. Ng3 Rc1+ 42. Nf1 R7c2 43. Rg3 Re2 44. Rde3 Rxe3 45. Rxe3 Rd1 46.
Rh3 Kg7 47. Rc3 Kf7 48. Rh3 Rxd4 49. Rxh6 Kg7 50. Rh3 Rxf4 51. Rg3 Re4 52. Re3
Rxg4+ 53. Kf2 g5 54. Rc3 Rc4 55. Rf3 Re4 56. Re3 Rf4+ 57. Rf3 Kg6 58. Rxf4 gxf4
59. h4 Be8 60. Nh2 Kf5 61. Nf3 Bh5 62. Ne1 Kxe5 63. Nd3+ Kf5 64. Nc5 d4 65. Ke1
f3 66. Nb3 d3 67. Kf2 Ke4 68. Nc5+ Kd4 69. Nxe6+ Kc3 70. Nc5 d2 71. Ne4+ Kc2
72. Nxd2 Kxd2 0-1

[Event "Jugendweltmeisterschaft U10"]
[Site "Belfort (FRA)"]
[Date "2005.07.23"]
[Round "5"]
[White "Quintin Navarro, Alberto"]
[Black "Zier, Oliver"]
[Result "1/2-1/2"]
[WhiteElo "1599"]
[BlackElo "1821"]
[PlyCount "54"]
[EventDate "2005.07.18"]

1. e4 c5 2. Nf3 e6 3. d4 cxd4 4. Nxd4 Nf6 5. Nc3 Nc6 6. a3 d5 7. Bb5 Qc7 8.
exd5 exd5 9. O-O Be7 10. Re1 O-O 11. Be3 Ng4 12. g3 Nxe3 13. Rxe3 Qd6 14. Qd2
Bf6 15. Nb3 d4 16. Ne4 Qe5 17. Nxf6+ Qxf6 18. Re2 Bg4 19. Re4 Bf5 20. Re2 Bh3
21. f4 Rfd8 22. Rae1 g6 23. Bxc6 bxc6 24. Re4 d3 25. cxd3 Bf5 26. R4e3 Rac8 27.
Nc5 Rd5 1/2-1/2

[Event "Jugendweltmeisterschaft U10"]
[Site "Belfort (FRA)"]
[Date "2005.07.23"]
[Round "5"]
[White "Abasov, Nijat Azad"]
[Black "Xu, Xianliang"]
[Result "1/2-1/2"]
[WhiteElo "2210"]
[BlackElo "1599"]
[PlyCount "54"]
[EventDate "2005.07.18"]

1. e4 c5 2. c3 d5 3. exd5 Qxd5 4. d4 cxd4 5. cxd4 Nc6 6. Nf3 e5 7. dxe5 Qxd1+
8. Kxd1 Bg4 9. Bf4 O-O-O+ 10. Nbd2 Bb4 11. Rc1 Bxd2 12. Bxd2 Kb8 13. Be2 Nge7
14. Re1 Rd7 15. Bb5 Rhd8 16. Re2 Ng6 17. Bxc6 bxc6 18. Ke1 Kb7 19. Bg5 Re8 20.
Rc3 Nxe5 21. Rb3+ Ka8 22. Nxe5 Rxe5 23. f3 Rxe2+ 24. Kxe2 Be6 25. Rc3 Bxa2 26.
Rxc6 Kb7 27. Rc3 Rc7 1/2-1/2

[Event "Jugendweltmeisterschaft U10"]
[Site "Belfort (FRA)"]
[Date "2005.07.23"]
[Round "5"]
[White "Kaphle, Sebastian"]
[Black "Gabovitch, Ila"]
[Result "1-0"]
[WhiteElo "1944"]
[BlackElo "1599"]
[PlyCount "45"]
[EventDate "2005.07.18"]

1. e4 c5 2. Nf3 Nc6 3. d4 cxd4 4. Nxd4 e5 5. Nb5 d6 6. N1c3 a6 7. Na3 b5 8. Nd5
Nf6 9. Bg5 Be7 10. Bxf6 Bxf6 11. c3 Bg5 12. Nc2 O-O 13. Ncb4 Nxb4 14. Nxb4 f5
15. Qd5+ Kh8 16. Qxa8 Qb6 17. Bd3 fxe4 18. O-O exd3 19. Nxd3 Be7 20. Qd5 Rf6
21. Nb4 Be6 22. Qa8+ Rf8 23. Qxa6 1-0

[Event "Jugendweltmeisterschaft U18"]
[Site "Belfort (FRA)"]
[Date "2005.07.23"]
[Round "6"]
[White "Braun, Arik"]
[Black "Margvelashvili, Giorgi"]
[Result "1-0"]
[WhiteElo "2475"]
[BlackElo "2353"]
[PlyCount "59"]
[EventDate "2005.07.18"]

1. d4 d5 2. c4 e6 3. Nc3 Be7 4. Bf4 Nf6 5. e3 O-O 6. Nf3 Nbd7 7. cxd5 exd5 8.
Bd3 Re8 9. Nb5 Bb4+ 10. Kf1 Ba5 11. Qc2 c6 12. Nd6 Re7 13. Ng5 Nf8 14. Be5 Ne4
15. Ngxe4 dxe4 16. Bxe4 Ng6 17. Bg3 Be6 18. h4 Rd7 19. h5 Nf8 20. Qc5 Bd5 21.
Bf5 Ne6 22. Bxe6 Bxe6 23. h6 f6 24. hxg7 Rxg7 25. Rh6 Bb6 26. Qh5 Bd5 27. Nf5
Rg5 28. Qh3 Qd7 29. Rxf6 Kh8 30. Be5 1-0

[Event "Jugendweltmeisterschaft U18"]
[Site "Belfort (FRA)"]
[Date "2005.07.23"]
[Round "6"]
[White "Hungaski, Roberto"]
[Black "Meier, Georg"]
[Result "1-0"]
[WhiteElo "2308"]
[BlackElo "2437"]
[PlyCount "119"]
[EventDate "2005.07.18"]

1. e4 e6 2. d4 d5 3. Nc3 dxe4 4. Nxe4 Nd7 5. Nf3 Ngf6 6. Nxf6+ Nxf6 7. Bd3 c5
8. Be3 Qc7 9. Qe2 a6 10. dxc5 Bxc5 11. Bxc5 Qxc5 12. O-O O-O 13. Nd2 Rb8 14.
Ne4 Nxe4 15. Qxe4 g6 16. a4 Bd7 17. b4 Qc3 18. b5 a5 19. Bc4 e5 20. Bb3 Bf5 21.
Qe3 Rfc8 22. Qb6 Kg7 23. Rad1 h5 24. h3 e4 25. Rfe1 h4 26. Re3 Qc7 27. Qd4+ f6
28. Bd5 Re8 29. c4 Rbd8 30. Rde1 b6 31. f3 Bxh3 32. Rxe4 Rxe4 33. Rxe4 Bf5 34.
Rxh4 Re8 35. Kf2 Qe7 36. Rh1 Qe2+ 37. Kg3 g5 38. Be4 Rxe4 39. fxe4 Qg4+ 40. Kf2
Bxe4 41. Rg1 Kg6 42. Ke3 Qf4+ 43. Ke2 Qg4+ 44. Ke3 Qf4+ 45. Ke2 Qg4+ 46. Kd2
Qf4+ 47. Kc3 Qg3+ 48. Kb2 Bf5 49. Qd2 Qe5+ 50. Kb3 Qg3+ 51. Kb2 Qe5+ 52. Kb3
Qg3+ 53. Qc3 Qf2 54. Rd1 Qxg2 55. Rd6 Qe4 56. Rxf6+ Kh5 57. Rxb6 Qb1+ 58. Ka3
Kg4 59. Rd6 Bc2 60. Qb2 1-0

[Event "Jugendweltmeisterschaft U18w"]
[Site "Belfort (FRA)"]
[Date "2005.07.23"]
[Round "6"]
[White "Borosova, Zuzana"]
[Black "Hoolt, Sarah"]
[Result "1/2-1/2"]
[WhiteElo "2222"]
[BlackElo "2127"]
[PlyCount "94"]
[EventDate "2005.07.18"]

1. e4 c5 2. Nf3 e6 3. d4 cxd4 4. Nxd4 Nc6 5. Nc3 Qc7 6. Be2 a6 7. O-O b5 8. Bf3
Bb7 9. Re1 b4 10. Nd5 Qd6 11. e5 Nxe5 12. Rxe5 Qxe5 13. Bf4 Qxd5 14. Bxd5 Bxd5
15. Qd3 Nf6 16. Re1 Be7 17. Bg5 O-O 18. Nf5 Bd8 19. Nd6 h6 20. Be3 Bc7 21. Bc5
Rfb8 22. Qd4 a5 23. a3 Ra6 24. c4 bxc3 25. bxc3 Ba8 26. c4 Ne8 27. Nb5 Bd8 28.
Qe3 d5 29. a4 dxc4 30. Rd1 Bf6 31. Bd4 Rd8 32. Rd2 Be7 33. h3 Nd6 34. Bb6 Rd7
35. Nc7 Nf5 36. Rxd7 Nxe3 37. Nxa6 Nd5 38. Bxa5 Bf6 39. Nc7 c3 40. Bxc3 Nxc3
41. Nxa8 Nxa4 42. Rc7 Nc3 43. Nb6 Ne4 44. Nd7 h5 45. f3 Bd4+ 46. Kf1 Ng3+ 47.
Ke1 g6 1/2-1/2

[Event "Jugendweltmeisterschaft U16"]
[Site "Belfort (FRA)"]
[Date "2005.07.23"]
[Round "6"]
[White "Nepomniachtchi, Ian"]
[Black "Bindrich, Falko"]
[Result "1-0"]
[WhiteElo "2502"]
[BlackElo "2391"]
[PlyCount "89"]
[EventDate "2005.07.18"]

1. e4 c5 2. Nf3 d6 3. d4 Nf6 4. dxc5 Qa5+ 5. Nc3 Nxe4 6. cxd6 Nc6 7. Bd3 Nxc3
8. bxc3 Bg4 9. O-O O-O-O 10. h3 Bh5 11. Rb1 Rxd6 12. Qe2 a6 13. Be3 f6 14. Rb3
Bf7 15. c4 e6 16. Rfb1 Rd7 17. Be4 Qa4 18. Rb6 Nd8 19. Nd2 Bg6 20. Bd3 Nc6 21.
c5 Bxd3 22. cxd3 Qxa2 23. R6b2 Qd5 24. Nc4 Qxd3 25. Nb6+ Kc7 26. Nxd7 Qxe2 27.
Rxe2 Kxd7 28. Rxb7+ Kc8 29. Rb6 Kc7 30. Rxa6 Be7 31. Rb2 Rc8 32. Rbb6 Kd7 33.
f4 Bd8 34. Rb7+ Bc7 35. Rb1 Bb8 36. Rd1+ Ke7 37. Ra8 Rd8 38. Rxd8 Kxd8 39. Kf2
Kc8 40. Ra4 Kd7 41. Ke2 Ne7 42. Kd3 Nd5 43. Bd2 Kc6 44. Kc4 Nc7 45. Ra2 1-0